| 000 | 02291nam a2200229Ia 4500 | ||
|---|---|---|---|
| 003 | Ost | ||
| 005 | 20260507075430.0 | ||
| 008 | 260507s9999||||xx |||||||||||||| ||und|| | ||
| 040 | _cfsecg | ||
| 041 | _aara | ||
| 082 | _a330.121 | ||
| 100 |
_aالكفراني، عوف محمود _eمؤلف |
||
| 245 | 0 |
_aبحوث في الإقتصاد الإسلامي ونظامه المالى / _c عوف محمود الكفراني |
|
| 260 |
_aالإسكندرية: _bمؤسسة الثقافة الجامعية, _c2007 |
||
| 300 |
_a590 صفحة؛ _bإيضاحات ؛ _c25 سم |
||
| 504 | _aببليوغرافيا: ص.586-587 | ||
| 520 | _aيضم المرتكزات الأساسية للاقتصاد الاسلامي، الفلسفة الاقتصادية للنظام المالي في الاقتصاد المالي، الخصائص المميزة للنظام المالي الاسلامي التي تميزه عن النظام المالي الموضعي، الآثار الاقتصادية والاجتماعية للانفاق العام في الاسلام، دراسة في الضرائب المباشرة والضرائب غير المباشرة في النظم المالية المعاصرة وفي النظام المالي الاسلامي، مالية الدولة الاسلامية في فكر ابن تميمة، الحرب في الاسلام ضوابطها وآثارها الاقتصادية، اصدار النقود والمحافظة عليها في الدولة الاسلامية، دور البنوك الاسلامية في التنمية الاقتصادية، الرقابة المالية في المصارف وبيوت المال الاسلامية السياسة المالية والنقدية دراسة تحليلية في الفكر الغربي والاسلامي، الرقابة على المال العام في الفكر الاسلامي، الانفاق الاستثماري في الدولة الاسلامية في فكر القاضي ابي يوسف، التحدي الاقتصادي دراسة تحليلية للاقتصاد العام لدول الخليج العربي الاسلامية | ||
| 653 | _aالاقتصاد الاسلامي | ||
| 653 | _aالبنوك الاسلامية | ||
| 653 | _aالنظام النقدي | ||
| 942 | _cكتاب | ||
| 999 |
_c44507 _d44507 |
||